Hướng dẫn kỹ thuật soạn thảo văn bản Dùng cho các cơ quan hành chính, sự nghiệp, các đoàn thể, các đơn vị kinh tế và công dân
محفوظ في:
| المؤلف الرئيسي: | |
|---|---|
| التنسيق: | كتاب |
| اللغة: | Undetermined |
| منشور في: |
Tp. HCM
Thống Kê
2001
|
| الموضوعات: | |
| الوسوم: |
إضافة وسم
لا توجد وسوم, كن أول من يضع وسما على هذه التسجيلة!
|
| Thư viện lưu trữ: | Trung tâm Học liệu Trường Đại học Cần Thơ |
|---|
| LEADER | 00654nam a2200181Ia 4500 | ||
|---|---|---|---|
| 001 | CTU_47687 | ||
| 008 | 210402s9999 xx 000 0 und d | ||
| 082 | |a 340.11 | ||
| 082 | |b Th455 | ||
| 100 | |a NGUYỄN VĂN THÔNG | ||
| 245 | 0 | |a Hướng dẫn kỹ thuật soạn thảo văn bản | |
| 245 | 0 | |b Dùng cho các cơ quan hành chính, sự nghiệp, các đoàn thể, các đơn vị kinh tế và công dân | |
| 245 | 0 | |c NGUYỄN VĂN THÔNG | |
| 260 | |a Tp. HCM | ||
| 260 | |b Thống Kê | ||
| 260 | |c 2001 | ||
| 650 | |a act of state,rule of law | ||
| 980 | |a Trung tâm Học liệu Trường Đại học Cần Thơ | ||